MDQL
is popping MORE tags! Check the
thread
!
Quizzes
Events
Quiz Creation
Community
Videos
Private Events
Remove Ads
Sign In
Join for FREE
Feedback
Dark Mode
Quiz Categories
Sports
Geography
Music
Movies
Television
Just For Fun
Miscellaneous
History
Literature
Language
Science
Gaming
Entertainment
Religion
Holiday
For Kids
Quiz Lab
Recent
Popular Today
Quiz Kudos Today
Editor Picks
Curator Picks
Quizzes by...
Day
Popularity
Type
Ratings
Length
Year
Community
Subscriptions
Recent Discussions
Orange Saloon
Badges
Playlists
Quests
Create
Leaderboards
Showdown
Live 5
Trivia Bingo
Activity
Puzzle Library
Sporcle Events
Private Events
Virtual Trivia
Globe League
Become a Host
Pub Owners
SporcleCon
Opinionation
Our Games
Videos
Blog
Mobile Apps
Partnerships
Remove Ads and Go Orange
Feedback
Miscellaneous
Crossword
General Knowledge
Baby Names
Logo
Food
Cars
Numbers
Grab Bag
University
College
Popular
Company
Slogans
Restaurants
Justice
Letter
Miscellaneous
Crossword
General Knowledge
Baby Names
Logo
Food
Cars
Numbers
Grab Bag
University
College
Popular
Company
Slogans
Restaurants
Justice
Letter
Random Quiz
Search Sporcle
×
Quiz Lab
Quiz Lab
Miscellaneous
Europe
Type in answers that appear in a list
Type in answers that appear in a list
Classic
Best Score? Go Orange.
Brands of the Netherlands Stats
Can you name the brands of the Netherlands?
By
Marc_H
5m
30 Questions
195 Plays
195 Plays
195 Plays
Comments
Comments
Give Quiz Kudos
Give Quiz Kudos
-
- Ratings
hide this ad
Replay
Link that replays current quiz
Next Quiz
Link to next quiz in quiz playlist
You Got
0%
They Got
Avg Score
32%
Avg Friend Score
Upgrade to see
Score Distribution
Jump to the score distribution portion of the page
Score
0/30
Timer
05:00
0
Plays Today
% Correct
Heineken
75.9%
Shell
75.4%
ING
62.6%
Unilever
59.5%
KLM
55.4%
ABN Amro
51.8%
Philips
51.3%
KPN
46.7%
C&A
43.6%
Nederlandse Spoorwegen
41%
Randstad
39.5%
Grolsch
39.5%
Albert Heijn
36.4%
Blokker
32.8%
TomTom
32.3%
% Correct
Nuon
27.7%
Vroom & Dreesman
27.2%
Connexxion
26.2%
Akzo Nobel
24.6%
Zilveren Kruis Achmea
22.1%
Spyker
20.5%
Elsevier
12.8%
Universiteit Utrecht
12.8%
Schiphol
10.3%
Ketel1
9.7%
Vereenigde Oostindische Compagnie
9.7%
Universiteit Twente
7.2%
ASML
7.2%
Boskalis
4.1%
Oger
1.5%
Quiz Playlist
Details
Report
Send in Message
Add To Playlist
Classic:
Type in answers that appear in a list
Last Updated: Feb 16, 2017
Quiz Scoreboard
CHALLENGE
Sign Up to Join the Scoreboard
Show All
Scores
Hide
Comments
May contain spoilers
Recently Published
Find the 'City' Movie
by crazypaving
Movies
60s
5x2 Blitz: Bands
by SL_Kpop136
Music
30s
Colored Red Africa Blitz
by spor1
Geography
30s
More to Explore
Quiz From the Vault
Featured Blog Post
14 Easter Pick-up Lines to Find Eggs With
hide this ad
You Might Also Like...
Tags
Europe Quiz
Logo Quiz
Brand Names
Netherlands
Today's Top Quizzes in Miscellaneous
Browse Miscellaneous
hide this ad
Today's Top Quizzes in Europe
Browse Europe
Top Contributed Quizzes in Miscellaneous
1
5-to-1: Fast Food
2
9x9 Crossword: Disney Movie Titles
3
9x9 Crossword: Charlie and the Chocolate Factory
4
9x9 Crossword: Halloween
5
The JOE quick-fire general knowledge quiz: Day 174
6
Picture Click Blitz: Airline Logos
7
9x9 Crossword: 2022 Movies
8
9x9 Crossword: Toy Story
9
9x9 Crossword: The Simpsons
10
random perfect cubes 1-30
Explore More
Trending Topics
Disney
Harry Potter
Crossword
Kpop
Marvel
Anime
NBA
WWE
Puzzle
Pokémon
NFL
Soccer
The Office
Country
Song
hide this ad
More By:
Marc_H
Quiz
Plays
Rating
Category
Featured
Created
Brands of the Netherlands
195
3.50
Miscellaneous
Dec 23, 2011
Go to Creator's Profile
Score Distribution
Quiz Creator Spotlight
Marc_H
Follow
Send a Message
Quizzes Created
-
Created Quiz Play Count
-
More By This Creator
Popular Quizzes Today
1
Find the 'City' Movie
2
5x2 Blitz: Bands
3
Colored Red Africa Blitz
4
Find the US States - No Outlines Minefield
5
The Countries of the World
6
Find the US States
7
9x9 Crossword: Cartoon Network
8
US States
More Miscellaneous Quizzes
Famous Duos: First Names
Published
Trending Quizzes
Colored Red Africa Blitz II
Colored Red Europe Blitz I
Colored Red Africa Blitz III
Colored Red Europe Blitz II
Colored Red Europe Blitz III
Recently Updated
Champions League XIs: Real Madrid
pecheneg
Largest US Cities 1790-2010
pecheneg
Rides in Walt Disney World
pecheneg
Most Oscar Losses (Acting)
pecheneg
Beyoncé Albums
pecheneg
Leaping Animals
pecheneg
Reality TV Shows (A-Z)
bhenderson79
Rickey Henderson's Hall of Fame Teammates
pecheneg
Champions League XIs: Arsenal
pecheneg
Quick Pick: Celebrities in WWE's Hall of Fame
aduchscher
Trending Topics
Disney
Harry Potter
Kpop
Anime
NBA
Crossword
Marvel
Song
NFL
Pokémon
Puzzle
Soccer
Country
The Office
WWE
Your Account Isn't Verified!
In order to create a playlist on Sporcle, you need to verify the email address you used during registration. Go to your
Sporcle Settings
to finish the process.
Report this User
Report this user for behavior that violates our
Community Guidelines
.
Details:
Send Report
Go to the Sporcle.com Mobile Site →
Comments